[Event "Open Loire 2011-2012"]
[Site "LOIRE"]
[Date "2012.03.03"]
[Round "5.10"]
[White "Desassis, Jean-Francois"]
[Black "Trottet, Francois"]
[Result "1-0"]
[WhiteElo "1520"]
[BlackElo "1440"]
[PlyCount "69"]
[EventDate "2012.??.??"]

1. c4 Nf6 2. d3 c5 3. Nc3 e6 4. Qa4 Be7 5. g3 O-O 6. Bg2 d6 7. Nf3 Bd7 8. Qb3
Bc6 9. O-O d5 10. Ne5 dxc4 11. Nxc6 Nxc6 12. Qxb7 Ne5 13. Qxa8 Qxa8 14. Bxa8
Rxa8 15. Bf4 Ng6 16. Be3 cxd3 17. exd3 Rb8 18. b3 Rd8 19. Rfd1 e5 20. Na4 Rd5
21. Rac1 Nd7 22. Nc3 Rd6 23. Ne4 Rc6 24. Rc2 Ndf8 25. Rdc1 Ne6 26. b4 Nd4 27.
Bxd4 exd4 28. Nxc5 Ne5 29. Re2 Bf6 30. f4 Ng6 31. Re8+ Nf8 32. Rce1 g6 33. Nd7
Bg7 34. Ra8 Rc7 35. Nxf8 1-0

[Event "Open Loire 2011-2012"]
[Site "LOIRE"]
[Date "2012.03.03"]
[Round "5.11"]
[White "Boeuf, Jeremy"]
[Black "Mialon, Franck"]
[Result "1-0"]
[WhiteElo "1596"]
[BlackElo "1360"]
[PlyCount "27"]
[EventDate "2012.??.??"]

1. e4 e5 2. f4 exf4 3. Nf3 g5 4. Bc4 Qe7 5. d3 g4 6. O-O gxf3 7. Qxf3 Qc5+ 8.
Kh1 Nh6 9. Bxf4 d5 10. Bxh6 Bxh6 11. Qxf7+ Kd8 12. Qf6+ Qe7 13. Qxh8+ Kd7 14.
Bxd5 1-0

[Event "Open Loire 2011-2012"]
[Site "LOIRE"]
[Date "2012.03.03"]
[Round "5.12"]
[White "Fournier, Remy"]
[Black "Barrandon, Georges"]
[Result "0-1"]
[WhiteElo "1499"]
[BlackElo "1370"]
[PlyCount "44"]
[EventDate "2012.??.??"]

1. e4 e5 2. Nf3 Nc6 3. Bc4 Nf6 4. c3 Bc5 5. Ng5 O-O 6. d4 exd4 7. cxd4 Bxd4 8.
O-O d6 9. Nf3 Bb6 10. Re1 Bg4 11. Qd2 Bxf3 12. Qf4 Bh5 13. Nc3 Ne5 14. Nd5 Nxc4
15. b3 Ne5 16. Bb2 Nxd5 17. exd5 Nd3 18. Qg3 Nxb2 19. Re2 Bxe2 20. Re1 Re8 21.
h3 Qf6 22. Kh2 Bxf2 0-1

[Event "Open Loire 2011-2012"]
[Site "LOIRE"]
[Date "2012.03.03"]
[Round "5.13"]
[White "Allabrune, Guillaume"]
[Black "Acikgoz, Tuncay"]
[Result "1-0"]
[WhiteElo "1500"]
[BlackElo "1310"]
[PlyCount "41"]
[EventDate "2012.??.??"]

1. e4 e5 2. Nf3 Nc6 3. Bc4 f5 4. Nc3 fxe4 5. Bxg8 Rxg8 6. Nxe4 d5 7. Nc3 Bg4 8.
d3 Bb4 9. Bd2 e4 10. dxe4 dxe4 11. Qe2 Bxf3 12. gxf3 Qd4 13. O-O-O Qb6 14.
Qxe4+ Ne7 15. Nd5 Bxd2+ 16. Rxd2 Qd6 17. Re1 Rd8 18. Qxe7+ Qxe7 19. Nxe7 Rxd2
20. Nxg8+ Kf8 21. Kxd2 1-0

[Event "Open Loire 2011-2012"]
[Site "LOIRE"]
[Date "2012.03.03"]
[Round "5.14"]
[White "Brachet, Gerard"]
[Black "Martin, Julien"]
[Result "1/2-1/2"]
[WhiteElo "1320"]
[BlackElo "1440"]
[PlyCount "126"]
[EventDate "2012.??.??"]

1. d4 d5 2. Nf3 Nc6 3. e3 Nf6 4. c4 e6 5. Nc3 Bb4 6. a3 Bxc3+ 7. bxc3 dxc4 8.
Bxc4 O-O 9. Qd3 Ng4 10. h3 Nh6 11. e4 Qf6 12. e5 Qf5 13. Bxh6 Qxd3 14. Bxd3
gxh6 15. g4 Ne7 16. Nh4 Nd5 17. c4 Nf4 18. O-O-O b6 19. Be4 Rb8 20. Bf3 Bb7 21.
d5 exd5 22. cxd5 Rfd8 23. d6 Bxf3 24. Nxf3 cxd6 25. exd6 Rd7 26. Ne5 Rdb7 27.
d7 Rd8 28. Kb1 f6 29. Rc1 fxe5 30. Rc8 Rbxd7 31. Rxd8+ Rxd8 32. h4 Kg7 33. Kc2
Kf6 34. Rb1 Rd7 35. Rb3 Ne2 36. Rf3+ Ke6 37. Re3 Nd4+ 38. Kb2 Nb5 39. f4 Rd5
40. f5+ Kf6 41. Kb3 Rd4 42. Rg3 Nd6 43. Rg2 Ne4 44. Kc2 b5 45. Kb3 a5 46. h5
Kg5 47. Rc2 a4+ 48. Kb2 Rd2 49. Rxd2 Nxd2 50. Kc3 Ne4+ 51. Kb4 Nd6 52. Kc5 Ne4+
53. Kxb5 Nc3+ 54. Kb4 Nb1 55. Kxa4 Nxa3 56. Kxa3 Kf6 57. Kb3 e4 58. Kc3 Ke5 59.
Kd2 Kf6 60. Ke3 Ke5 61. Ke2 Kf6 62. Ke3 Ke5 63. Ke2 Kf6 1/2-1/2

[Event "Open Loire 2011-2012"]
[Site "LOIRE"]
[Date "2012.03.03"]
[Round "5.15"]
[White "Poyet, Louis"]
[Black "Megnot, Philippe"]
[Result "0-1"]
[WhiteElo "1290"]
[BlackElo "1410"]
[PlyCount "106"]
[EventDate "2012.??.??"]

1. e4 c5 2. Bc4 Nc6 3. Nc3 e6 4. Bb5 Nge7 5. Nf3 a6 6. Bxc6 Nxc6 7. d3 Be7 8.
O-O O-O 9. Be3 d6 10. d4 cxd4 11. Nxd4 Re8 12. Nb3 Bf6 13. Na4 Rb8 14. Bb6 Qe7
15. Ba7 Nxa7 16. c3 Qd7 17. Nb6 Qc6 18. Nxc8 Rbxc8 19. Nd2 d5 20. Re1 g6 21. e5
Bg7 22. Rc1 b5 23. b4 Qd7 24. Ra1 Rxc3 25. a4 Qb7 26. Qe2 Bf8 27. Nb1 Rc7 28.
Qd2 Rec8 29. Na3 bxa4 30. Qd1 Bxb4 31. Rf1 a5 32. Qxa4 Qa6 33. Rfd1 Qe2 34. h3
Qxe5 35. Rab1 Qf4 36. Rf1 Rc1 37. g3 Rxf1+ 38. Kxf1 Rc1+ 39. Rxc1 Qxc1+ 40. Kg2
Qxa3 41. Qe8+ Bf8 42. Qb8 Qc5 43. Qe5 a4 44. Qb2 a3 45. Qa1 Nb5 46. Kf1 Qc4+
47. Ke1 Nc3 48. Kd2 a2 49. Kc2 Na4+ 50. Kd2 Bb4+ 51. Kd1 Bc3 52. Qc1 Qd3+ 53.
Qd2 Qxd2# 0-1

[Event "Open Loire 2011-2012"]
[Site "LOIRE"]
[Date "2012.03.03"]
[Round "5.16"]
[White "Lempereur, Theo"]
[Black "Daillere, Roland"]
[Result "1-0"]
[WhiteElo "1270"]
[BlackElo "1230"]
[PlyCount "73"]
[EventDate "2012.??.??"]

1. e4 d5 2. f3 Nf6 3. Nc3 d4 4. Nb5 e5 5. Bc4 c6 6. Na3 b5 7. Bd3 Ba6 8. b4
Bxb4 9. Bb2 O-O 10. c3 dxc3 11. dxc3 Bxa3 12. Bxa3 b4 13. Bxa6 Nxa6 14. cxb4
Rb8 15. b5 Qxd1+ 16. Rxd1 cxb5 17. Bxf8 Rxf8 18. Ne2 Nb4 19. Rd2 Nh5 20. Kf2
Nc6 21. Rhd1 a5 22. g4 Nf4 23. Nxf4 exf4 24. Rd6 Ne5 25. Rd8 g6 26. Rxf8+ Kxf8
27. Rd5 f6 28. Rxb5 Nd3+ 29. Kg2 Ne1+ 30. Kf1 Nxf3 31. Rxa5 Nxh2+ 32. Kg2 Nxg4
33. Kf3 Nh2+ 34. Kxf4 g5+ 35. Kf5 h5 36. Kxf6 Nf3 37. Ra8# 1-0

[Event "Open Loire 2011-2012"]
[Site "LOIRE"]
[Date "2012.03.03"]
[Round "5.17"]
[White "Niceto, Pierrick"]
[Black "Laffin, Mickael"]
[Result "0-1"]
[WhiteElo "1130"]
[BlackElo "1100"]
[PlyCount "110"]
[EventDate "2012.??.??"]

1. e4 e5 2. Nf3 Nc6 3. Bc4 Bc5 4. O-O Nf6 5. Nc3 d6 6. d3 a6 7. Bg5 h6 8. Bxf6
Qxf6 9. Nd5 Qd8 10. c3 Be6 11. d4 exd4 12. cxd4 Ba7 13. Qb3 Na5 14. Qa4+ c6 15.
Nf4 Bxc4 16. Rfc1 Bb5 17. Qb4 Qb6 18. Qxd6 Rd8 19. Qe5+ Kf8 20. Qc5+ Qxc5 21.
dxc5 Bb8 22. Rd1 Rxd1+ 23. Rxd1 Bxf4 24. Rd8+ Ke7 25. Rxh8 Nc4 26. b3 Ne5 27.
Nd4 Bd3 28. Rb8 Nf3+ 29. Nxf3 Bxb8 30. Ne1 Bxe4 31. a4 Ba7 32. b4 b6 33. cxb6
Bxb6 34. a5 Bd4 35. h3 Bc3 36. Kf1 Bxb4 37. f3 Bd5 38. g3 Bxa5 39. f4 c5 40.
Nc2 c4 41. Ne3 Kd6 42. Ke2 c3 43. Kd3 Be6 44. f5 Bd7 45. g4 Bb5+ 46. Ke4 Bb6
47. Nc2 Ba4 48. Kd3 Bxc2+ 49. Kxc2 Bd4 50. Kd3 Kd5 51. h4 a5 52. g5 hxg5 53.
hxg5 a4 54. g6 fxg6 55. fxg6 a3 0-1

[Event "Open Loire 2011-2012"]
[Site "LOIRE"]
[Date "2012.03.03"]
[Round "6.1"]
[White "Benakila, Samir"]
[Black "Carteron, Olivier"]
[Result "1/2-1/2"]
[WhiteElo "1570"]
[BlackElo "1680"]
[PlyCount "44"]
[EventDate "2012.??.??"]

1. e4 e6 2. d4 d5 3. exd5 exd5 4. c4 c6 5. Nc3 Nf6 6. Bd3 Be7 7. Nge2 Bg4 8. f3
Be6 9. cxd5 cxd5 10. Bg5 O-O 11. Qc2 h6 12. Bxf6 Bxf6 13. Rd1 Nc6 14. a3 Qb6
15. Bh7+ Kh8 16. Na4 Qa5+ 17. Nac3 Qb6 18. Na4 Qa5+ 19. Nac3 Qb6 20. Na4 Qa5+
21. Nac3 Qb6 22. Na4 Qa5+ 1/2-1/2

[Event "Open Loire 2011-2012"]
[Site "LOIRE"]
[Date "2012.03.03"]
[Round "6.2"]
[White "Libiszewski, Christian"]
[Black "Schlick, Paul"]
[Result "0-1"]
[WhiteElo "1590"]
[BlackElo "1710"]
[PlyCount "72"]
[EventDate "2012.??.??"]

1. e4 e5 2. Nf3 Nc6 3. Bc4 Bc5 4. c3 d6 5. h3 Be6 6. Bxe6 fxe6 7. O-O a6 8. d4
exd4 9. cxd4 Ba7 10. Re1 Qd7 11. Nc3 O-O-O 12. d5 exd5 13. exd5 Nce7 14. Ng5
Ng6 15. Be3 Bxe3 16. Rxe3 Nf6 17. Ne6 Rde8 18. Ne4 Nxe4 19. Rxe4 Nf8 20. Qg4
Nxe6 21. dxe6 Qe7 22. Rae1 Rhf8 23. Qe2 d5 24. Re5 Rd8 25. Qg4 g6 26. Rd1 c6
27. Re3 Rd6 28. Rde1 $11 d4 29. Rd3 c5 30. Re5 $11 Rf5 31. Rxf5 gxf5 32. Qxf5
Rxe6 33. Rd2 Kc7 34. Qf4+ Qd6 35. Qf7+ Re7 36. Qf3 Re1# 0-1

[Event "Open Loire 2011-2012"]
[Site "LOIRE"]
[Date "2012.03.03"]
[Round "6.3"]
[White "Rasle, Corentin"]
[Black "Sueur, Raphael"]
[Result "1-0"]
[WhiteElo "1720"]
[BlackElo "1499"]
[PlyCount "49"]
[EventDate "2012.??.??"]

1. d4 d5 2. c4 dxc4 3. e4 e5 4. d5 Nf6 5. Bg5 Be7 6. Bxf6 Bxf6 7. Bxc4 O-O 8.
Nc3 Nd7 9. Nf3 Nc5 10. O-O Bg4 11. h3 Bh5 12. Re1 Re8 13. Bb5 Nd7 14. Re3 a6
15. Bc4 Qe7 16. a4 Qb4 17. Qb3 Qxb3 18. Bxb3 Nc5 19. Bc4 b5 20. axb5 axb5 21.
Rxa8 Rxa8 22. Bxb5 Ra1+ 23. Kh2 Rb1 24. Nxb1 g6 25. g4 1-0

[Event "Open Loire 2011-2012"]
[Site "LOIRE"]
[Date "2012.03.03"]
[Round "6.4"]
[White "Doran, Niall"]
[Black "Desassis, Jean-Francois"]
[Result "0-1"]
[WhiteElo "1691"]
[BlackElo "1520"]
[PlyCount "79"]
[EventDate "2012.??.??"]

1. e4 c5 2. c3 Qa5 3. Nf3 d6 4. Be2 Nf6 5. d3 g6 6. O-O Bg7 7. Bf4 O-O 8. Nbd2
Nc6 9. Nc4 Qd8 10. Qd2 b5 11. Ne3 Nh5 12. Bg5 f6 13. Bh4 Bh6 14. d4 a6 15. Rad1
Nf4 16. Bg3 Nxe2+ 17. Qxe2 cxd4 18. Nxd4 Nxd4 19. cxd4 Bb7 20. d5 Bc8 21. Nc2
Bd7 22. f4 Qc8 23. Rd3 b4 24. Nd4 Qc5 25. Bf2 Qa5 26. Nb3 Qb5 27. Be3 a5 28. f5
Bxe3+ 29. Qxe3 Kg7 30. fxg6 hxg6 31. Qg3 Qb6+ 32. Kh1 Bb5 33. Nd4 Kf7 34. Ne6
Rh8 35. Rdf3 Bxf1 36. Rxf1 Rh5 37. Qg4 Rah8 38. h3 Qe3 39. Rf3 Qc1+ 40. Kh2 0-1

[Event "Open Loire 2011-2012"]
[Site "LOIRE"]
[Date "2012.03.03"]
[Round "6.5"]
[White "Jandeau, Cyril"]
[Black "Buisine, Roman"]
[Result "0-1"]
[WhiteElo "1510"]
[BlackElo "1651"]
[PlyCount "46"]
[EventDate "2012.??.??"]

1. e4 c5 2. Nc3 Nc6 3. Bc4 e6 4. f4 a6 5. a4 Nge7 6. Nf3 d5 7. Ba2 d4 8. Ne2
Qa5 9. Bb1 g6 10. O-O Bg7 11. d3 b5 12. c3 dxc3 13. Qc2 b4 14. e5 Nd5 15. Ba2
Nce7 16. Bc4 O-O 17. d4 cxb2 18. Qxb2 Bb7 19. Qb3 Rac8 20. Nd2 Nf5 21. dxc5
Qxc5+ 22. Kh1 Nde3 23. Bb2 Bxg2+ 0-1

[Event "Open Loire 2011-2012"]
[Site "LOIRE"]
[Date "2012.03.03"]
[Round "6.6"]
[White "Liogier, Pascal"]
[Black "Pradel, Philippe"]
[Result "0-1"]
[WhiteElo "1600"]
[BlackElo "1499"]
[PlyCount "64"]
[EventDate "2012.??.??"]

1. Nf3 Nf6 2. c4 e6 3. Nc3 c5 4. g3 d5 5. d4 Nc6 6. Bg2 Be7 7. O-O cxd4 8. Nxd4
O-O 9. b3 Bc5 10. Nxc6 bxc6 11. cxd5 cxd5 12. e3 Ba6 13. Re1 Bb4 14. Bb2 Rc8
15. Qd4 Qe7 16. Rec1 Bc5 17. Qe5 Ba3 18. Na4 Bxb2 19. Qxb2 Ne4 20. Nc3 Nc5 21.
Qa3 Qf6 22. Bf1 Bxf1 23. Kxf1 Nd3 24. f4 Nxc1 25. Nxd5 exd5 26. Rxc1 Rxc1+ 27.
Qxc1 Qa6+ 28. Kg1 Qxa2 29. Qc5 Qxb3 30. Qxa7 Qb2 31. Qa6 h6 32. Qf1 Rc8 0-1

[Event "Open Loire 2011-2012"]
[Site "LOIRE"]
[Date "2012.03.03"]
[Round "6.7"]
[White "Volay, Pascal"]
[Black "Buisson, Sebastien"]
[Result "1/2-1/2"]
[WhiteElo "1450"]
[BlackElo "1520"]
[PlyCount "103"]
[EventDate "2012.??.??"]

1. e4 c5 2. Nf3 d6 3. Bb5+ Bd7 4. Bxd7+ Qxd7 5. O-O Nc6 6. b3 Nf6 7. Nc3 e6 8.
d3 Be7 9. Be3 Ng4 10. Bd2 Nge5 11. Rb1 Nxf3+ 12. Qxf3 Nd4 13. Qd1 O-O 14. Be3
Rac8 15. Ne2 e5 16. Bxd4 cxd4 17. Rc1 d5 18. c4 dxe4 19. dxe4 b5 20. Qd3 bxc4
21. bxc4 Qa4 22. Rc2 Rc7 23. f4 Bd6 24. fxe5 Bxe5 25. Rfc1 Qd7 26. Rd1 Rd8 27.
Rcd2 Qg4 28. Rc2 Rc6 29. Rcd2 Qh4 30. g3 Qh3 31. Rf1 Rh6 32. Nf4 Bxf4 33. Rxf4
Rc6 34. Qc2 Qe6 35. Qa4 Rxc4 36. Qxa7 d3 37. Qa3 Qb6+ 38. Kg2 Rc2 39. Rff2 Rxd2
40. Rxd2 Qe3 41. Qb2 Qxe4+ 42. Kh3 h5 43. a3 g5 44. Qb6 Re8 45. Qf6 Qg4+ 46.
Kg2 Re2+ 47. Rxe2 Qxe2+ 48. Qf2 Qe4+ 49. Kh3 g4+ 50. Kh4 Qe2 51. Qf4 d2 52.
Qg5+ 1/2-1/2

[Event "Open Loire 2011-2012"]
[Site "LOIRE"]
[Date "2012.03.03"]
[Round "6.8"]
[White "Joly, Christian"]
[Black "Mazet, Christian"]
[Result "1-0"]
[WhiteElo "1670"]
[BlackElo "1570"]
[PlyCount "68"]
[EventDate "2012.??.??"]

1. d4 Nf6 2. Nf3 b6 3. e3 Bb7 4. c4 e6 5. Bd3 Bb4+ 6. Nbd2 O-O 7. a3 Be7 8. O-O
c5 9. Re1 Qc7 10. b3 Nc6 11. Bb2 d5 12. Rc1 Qd7 13. dxc5 dxc4 14. Bxc4 Bxc5 15.
Bxf6 gxf6 16. b4 Be7 17. Rc3 Kh8 18. Qc2 Rg8 19. Bb5 Rac8 20. Rc1 Nd4 21. Bxd7
Rxc3 22. Qxc3 Ne2+ 23. Kf1 Nxc3 24. Rxc3 Rd8 25. Ba4 f5 26. Rc7 Ba6+ 27. b5 Bd6
28. Rxf7 Kg8 29. Rxa7 Bc8 30. Ra8 Be7 31. Bb3 Kf7 32. Ke2 Kf6 33. a4 Bb7 34.
Rxd8 Bxd8 1-0

[Event "Open Loire 2011-2012"]
[Site "LOIRE"]
[Date "2012.03.03"]
[Round "6.9"]
[White "Barrandon, Georges"]
[Black "Schuhmann, Alain"]
[Result "1/2-1/2"]
[WhiteElo "1370"]
[BlackElo "1499"]
[PlyCount "111"]
[EventDate "2012.??.??"]

1. d4 d5 2. Nf3 e6 3. Bf4 Nf6 4. h3 c5 5. e3 Nc6 6. Bb5 Bd7 7. O-O c4 8. b3 Na5
9. Bxd7+ Qxd7 10. Ne5 Qb5 11. Nc3 Qa6 12. b4 Bxb4 13. Ne2 O-O 14. c3 Bd6 15.
Qc2 Bxe5 16. Bxe5 Nd7 17. Bh2 Nc6 18. Rfb1 b6 19. f4 Nf6 20. Ng3 Qc8 21. e4
Nxe4 22. Nxe4 dxe4 23. Qxe4 f5 24. Qe2 Rf6 25. Qxc4 Qe8 26. Re1 Rc8 27. Qe2 Rd8
28. Bg3 Rg6 29. Rad1 Rxg3 30. d5 Na5 31. dxe6 Rxd1 32. Qxd1 Nc6 33. Qd7 Qxd7
34. exd7 Rd3 35. Re8+ Kf7 36. Rc8 Ke7 37. Rxc6 Kxd7 38. Rc4 Rd1+ 39. Kh2 Rd2
40. a4 a6 41. Kg3 b5 42. axb5 axb5 43. Rb4 Rd3+ 44. Kf2 Kc6 45. c4 bxc4 46.
Rxc4+ Kd6 47. Ra4 Rc3 48. Ra7 Rc7 49. Rxc7 Kxc7 50. Ke3 Kd6 51. Kd4 Ke6 52. g4
h6 53. g5 h5 54. Kc5 h4 55. Kd4 Kd6 56. Kc4 1/2-1/2

[Event "Open Loire 2011-2012"]
[Site "LOIRE"]
[Date "2012.03.03"]
[Round "6.10"]
[White "Boeuf, Jeremy"]
[Black "Frey, Thierry"]
[Result "0-1"]
[WhiteElo "1596"]
[BlackElo "1831"]
[PlyCount "70"]
[EventDate "2012.??.??"]

1. e4 c5 2. f4 d6 3. Nf3 Nf6 4. Nc3 e6 5. Bb5+ Bd7 6. Bxd7+ Nfxd7 7. O-O Nc6 8.
d4 cxd4 9. Nxd4 d5 10. Nxc6 bxc6 11. exd5 Bc5+ 12. Kh1 cxd5 13. Re1 O-O 14. Be3
Bxe3 15. Rxe3 Qb6 16. Rg3 Nf6 17. f5 d4 18. Na4 Qd6 19. c3 Ne4 20. Rf3 d3 21.
Kg1 Rad8 22. Rc1 e5 23. Re3 Nc5 24. Nxc5 Qxc5 25. Qd2 e4 26. Kf1 Qxf5+ 27. Kg1
Qc5 28. b4 Qc4 29. Kh1 f5 30. Rce1 Rc8 31. g4 Qxc3 32. Qxc3 Rxc3 33. gxf5 d2
34. Rxe4 dxe1=Q+ 35. Rxe1 Rxf5 0-1

[Event "Open Loire 2011-2012"]
[Site "LOIRE"]
[Date "2012.03.03"]
[Round "6.11"]
[White "Megnot, Philippe"]
[Black "Rasle, Jean-Michel"]
[Result "1-0"]
[WhiteElo "1410"]
[BlackElo "1690"]
[PlyCount "105"]
[EventDate "2012.??.??"]

1. e4 e6 2. d4 d5 3. e5 c5 4. c3 Qb6 5. Nf3 Nc6 6. Be2 Nge7 7. Qa4 cxd4 8. cxd4
Qb4+ 9. Qxb4 Nxb4 10. Na3 a6 11. Bd2 Nbc6 12. O-O Nf5 13. Bc3 b5 14. Nc2 a5 15.
a3 Rb8 16. b4 a4 17. Bd3 Be7 18. Ne3 Nxe3 19. fxe3 Bd7 20. Nd2 O-O 21. e4 dxe4
22. Nxe4 Rfd8 23. Bc2 Na7 24. Nc5 Nc8 25. Be4 Nb6 26. Rfd1 Rbc8 27. Be1 Bc6 28.
Bxc6 Rxc6 29. Bf2 Rd5 30. Bg3 Rc8 31. h3 Nc4 32. Bf2 Rcd8 33. Ne4 Rb8 34. Bg3
Rbd8 35. Bf2 Rb8 36. Nc3 Rdd8 37. Bg3 Rdc8 38. d5 Ne3 39. Rd3 Nf5 40. d6 Nxg3
41. Rxg3 Bh4 42. Rd3 Bg5 43. g3 g6 44. Ne4 Bh6 45. d7 Rd8 46. Nf6+ Kh8 47. Ra2
Rb7 48. Rc2 Rbb8 49. Rdc3 Kg7 50. Rc8 Be3+ 51. Kg2 Bb6 52. Rxb8 Rxb8 53. Rc8
1-0

[Event "Open Loire 2011-2012"]
[Site "LOIRE"]
[Date "2012.03.03"]
[Round "6.12"]
[White "Allabrune, Guillaume"]
[Black "Choquelle, Jean"]
[Result "1-0"]
[WhiteElo "1500"]
[BlackElo "1170"]
[PlyCount "25"]
[EventDate "2012.??.??"]

1. e4 e5 2. Nf3 d6 3. Bc4 f6 4. O-O Nc6 5. c3 Qe7 6. d4 a5 7. Be3 b6 8. Bb5 Bd7
9. Qd3 Qd8 10. Qc4 Nge7 11. Ba4 h6 12. Bb3 g5 13. Qf7# 1-0

[Event "Open Loire 2011-2012"]
[Site "LOIRE"]
[Date "2012.03.03"]
[Round "6.13"]
[White "Trottet, Francois"]
[Black "Mialon, Franck"]
[Result "1-0"]
[WhiteElo "1440"]
[BlackElo "1360"]
[PlyCount "67"]
[EventDate "2012.??.??"]

1. e4 e5 2. Nf3 Nc6 3. Bc4 Nf6 4. Ng5 Bc5 5. Bxf7+ Kf8 6. d3 d5 7. Ne6+ Bxe6 8.
Bxe6 Nd4 9. exd5 Nxe6 10. dxe6 Qd5 11. O-O Qxe6 12. Qf3 h6 13. Qxb7 Ke7 14.
Qxc7+ Nd7 15. Qa5 Rhf8 16. Qe1 Rf6 17. Nc3 Raf8 18. Ne4 Rg6 19. Nxc5 Nxc5 20.
Be3 Nd7 21. Qb4+ Ke8 22. Qe4 Rg4 23. Qa8+ Ke7 24. Qb7 Ke8 25. Bxa7 Kd8 26. g3
Rf7 27. Qa8+ Kc7 28. Qg2 h5 29. h3 Rg6 30. Rfe1 h4 31. g4 Rf4 32. Re4 Rxe4 33.
Qxe4 Nf6 34. Qxg6 1-0

[Event "Open Loire 2011-2012"]
[Site "LOIRE"]
[Date "2012.03.03"]
[Round "6.14"]
[White "Martin, Julien"]
[Black "Lempereur, Theo"]
[Result "1-0"]
[WhiteElo "1440"]
[BlackElo "1270"]
[PlyCount "117"]
[EventDate "2012.??.??"]

1. e4 e5 2. Nf3 Nc6 3. Bb5 Nf6 4. Bxc6 dxc6 5. Nc3 Bb4 6. O-O Bxc3 7. dxc3 O-O
8. Nxe5 Nxe4 9. Qf3 Nf6 10. Qg3 Nh5 11. Qf3 Qh4 12. b3 c5 13. Ba3 b6 14. Qxa8
Ba6 15. Qxa7 Bxf1 16. Nf3 Qd8 17. Rxf1 Nf6 18. Bxc5 bxc5 19. Qxc5 Re8 20. Qd4
Qd5 21. Qxd5 Nxd5 22. c4 Nb4 23. Re1 Kf8 24. Rxe8+ Kxe8 25. a4 Nxc2 26. Kf1 Ke7
27. Ke2 c5 28. Kd3 Nb4+ 29. Kc3 Kd6 30. Ng5 Ke5 31. Nxf7+ Ke4 32. Ng5+ Kf5 33.
Nxh7 g5 34. Nf8 Kf6 35. Nd7+ Kf5 36. Nxc5 Nc6 37. b4 Ne5 38. a5 Ng4 39. a6 Nxf2
40. a7 Nd1+ 41. Kd2 Nb2 42. a8=Q Nxc4+ 43. Kc3 Nb6 44. Qe4+ Kf6 45. Kd4 Nd7 46.
Qe6+ Kg7 47. Qe7+ Kg6 48. Ne6 Nf6 49. Qg7+ Kf5 50. Nxg5 Kf4 51. g3+ Kg4 52.
Nf7+ Kh3 53. Ke3 Ng4+ 54. Kf4 Nxh2 55. Ng5+ Kg2 56. Qb2+ Kg1 57. Nf3+ Nxf3 58.
Kxf3 Kf1 59. Qf2# 1-0

[Event "Open Loire 2011-2012"]
[Site "LOIRE"]
[Date "2012.03.03"]
[Round "6.15"]
[White "Acikgoz, Tuncay"]
[Black "Brachet, Gerard"]
[Result "0-1"]
[WhiteElo "1310"]
[BlackElo "1320"]
[PlyCount "68"]
[EventDate "2012.??.??"]

1. e4 e5 2. Bc4 Nf6 3. d3 c5 4. f4 exf4 5. Bxf4 d6 6. Nf3 Nc6 7. c3 Be7 8. O-O
O-O 9. Nbd2 a6 10. d4 cxd4 11. cxd4 Qb6 12. Be3 Bg4 13. Qb3 Qxb3 14. Bxb3 Rac8
15. Bg5 h6 16. Bh4 Bxf3 17. Rxf3 Nxd4 18. Rf2 Nxb3 19. axb3 g5 20. Bg3 d5 21.
exd5 Bc5 22. Bd6 Bxf2+ 23. Kxf2 Rfd8 24. Be7 Ng4+ 25. Kf3 Rxd5 26. Kxg4 Rxd2
27. Rf1 Rxg2+ 28. Kf5 Rxb2 29. h4 Rg2 30. hxg5 hxg5 31. Bxg5 Rc5+ 32. Kf6 Rgxg5
33. Ke7 Rcf5 34. Rd1 Kg7 0-1

[Event "Open Loire 2011-2012"]
[Site "LOIRE"]
[Date "2012.03.03"]
[Round "6.16"]
[White "Sabatier, Baptiste"]
[Black "Fournier, Remy"]
[Result "0-1"]
[WhiteElo "1199"]
[BlackElo "1499"]
[PlyCount "32"]
[EventDate "2012.??.??"]

1. e4 c6 2. d4 d5 3. Nc3 dxe4 4. Nxe4 Nd7 5. Nf3 Ngf6 6. Neg5 e6 7. Bd3 c5 8.
Bb5 Be7 9. Ne5 O-O 10. Qd3 g6 11. dxc5 Nxc5 12. Qh3 Nh5 13. Be3 f6 14. Ngf7 Qd5
15. Nh6+ Kh8 16. Nef7+ Kg7 0-1

[Event "Open Loire 2011-2012"]
[Site "LOIRE"]
[Date "2012.03.03"]
[Round "6.17"]
[White "Laffin, Mickael"]
[Black "Daillere, Roland"]
[Result "0-1"]
[WhiteElo "1100"]
[BlackElo "1230"]
[PlyCount "58"]
[EventDate "2012.??.??"]

1. e4 d5 2. d3 dxe4 3. Nc3 exd3 4. Bxd3 Nc6 5. Nf3 Nf6 6. O-O Bg4 7. h3 Bh5 8.
Bf4 Nd4 9. Be2 Nxf3+ 10. Bxf3 Qxd1 11. Bxd1 c6 12. Bxh5 Nxh5 13. Ne2 e6 14. Bh2
Be7 15. Nf4 Nxf4 16. Bxf4 O-O 17. Rad1 Rad8 18. Rd2 Rxd2 19. Bxd2 Rd8 20. Ba5
b6 21. Bc3 h6 22. Re1 c5 23. Re3 Rd1+ 24. Kh2 Bg5 25. Rg3 Bf4 26. b4 Bxg3+ 27.
Kxg3 c4 28. a4 Rc1 29. a5 b5 0-1

[Event "Open Loire 2011-2012"]
[Site "LOIRE"]
[Date "2012.03.03"]
[Round "6.18"]
[White "Niceto, Pierrick"]
[Black "Poyet, Louis"]
[Result "1-0"]
[WhiteElo "1130"]
[BlackElo "1290"]
[PlyCount "27"]
[EventDate "2012.??.??"]

1. e4 e5 2. Nf3 Nc6 3. Bc4 Nf6 4. Nc3 Bc5 5. O-O O-O 6. d3 d6 7. Bg5 Bg4 8. Nd5
Bxf3 9. Qxf3 Nd4 10. Qd1 c6 11. Nxf6+ gxf6 12. Bh6 Re8 13. Qg4+ Kh8 14. Qg7#
1-0

[Event "Open Loire 2011-2012"]
[Site "LOIRE"]
[Date "2012.04.28"]
[Round "7.1"]
[White "Carteron, Olivier"]
[Black "Schlick, Paul"]
[Result "0-1"]
[WhiteElo "1680"]
[BlackElo "1710"]
[PlyCount "58"]
[EventDate "2012.??.??"]

1. d4 f5 2. c4 d6 3. Nc3 g6 4. f3 Bg7 5. e4 Nf6 6. Bd3 e6 7. Bg5 h6 8. Bh4 g5
9. Bf2 Nh5 10. g3 O-O 11. h4 f4 12. g4 Ng3 13. Bxg3 fxg3 14. h5 Bxd4 15. Qe2
Bf2+ 16. Kd2 Qf6 17. Kc2 Nc6 18. Kb1 Nd4 19. Qd1 Nxf3 20. Nxf3 Qxf3 21. Qxf3
Rxf3 22. Bf1 c6 23. Nd1 Bd4 24. Kc2 e5 25. Be2 Rf4 26. Nc3 Bxg4 27. Bxg4 Rxg4
28. Kd3 g2 29. Rhe1 g1=Q 0-1

[Event "Open Loire 2011-2012"]
[Site "LOIRE"]
[Date "2012.04.28"]
[Round "7.2"]
[White "Benakila, Samir"]
[Black "Rasle, Corentin"]
[Result "1-0"]
[WhiteElo "1570"]
[BlackElo "1720"]
[PlyCount "87"]
[EventDate "2012.??.??"]

1. e4 e6 2. d4 d5 3. exd5 exd5 4. c4 c6 5. Nc3 Nf6 6. Bd3 Bg4 7. Nge2 Bb4 8. f3
Be6 9. O-O dxc4 10. Bc2 O-O 11. Nf4 Re8 12. Nxe6 Rxe6 13. Bg5 Nbd7 14. a3 Ba5
15. Ne4 h6 16. Bh4 Qe8 17. Re1 Bxe1 18. Qxe1 Nxe4 19. fxe4 Nf6 20. e5 Nd5 21.
Qe4 g6 22. Rf1 Rc8 23. Rf3 b5 24. Qg4 a5 25. Bf5 h5 26. Qg5 Rb8 27. Bxe6 Qxe6
28. Qh6 b4 29. Rf6 Qg4 30. g3 Qd1+ 31. Kg2 Qxd4 32. Rxg6+ fxg6 33. Qxg6+ Kf8
34. Qd6+ Kf7 35. e6+ Kg7 36. Qxb8 Qd2+ 37. Kh3 Qe3 38. Qb7+ Kh6 39. Qf7 Qe4 40.
e7 Qg4+ 41. Kg2 Qe2+ 42. Kg1 Qe1+ 43. Qf1 Qe3+ 44. Qf2 1-0

[Event "Open Loire 2011-2012"]
[Site "LOIRE"]
[Date "2012.04.28"]
[Round "7.3"]
[White "Pradel, Philippe"]
[Black "Buisine, Roman"]
[Result "0-1"]
[WhiteElo "1499"]
[BlackElo "1651"]
[PlyCount "52"]
[EventDate "2012.??.??"]

1. d4 Nf6 2. Bg5 g6 3. Nd2 Bg7 4. e3 O-O 5. Ngf3 d6 6. Bd3 Nbd7 7. O-O c5 8. c3
Rb8 9. a4 a6 10. a5 Qc7 11. e4 b5 12. axb6 Rxb6 13. Nc4 Rb5 14. e5 Nd5 15. Bxe7
Nxe7 16. exd6 Qd8 17. dxe7 Qxe7 18. Re1 Qd8 19. dxc5 Nxc5 20. Bc2 Be6 21. Nfd2
Qc7 22. Rb1 Rd8 23. Qe2 Nd7 24. Ba4 Rh5 25. h3 Nc5 26. Bc2 Bxh3 0-1

[Event "Open Loire 2011-2012"]
[Site "LOIRE"]
[Date "2012.04.28"]
[Round "7.4"]
[White "Sueur, Raphael"]
[Black "Libiszewski, Christian"]
[Result "0-1"]
[WhiteElo "1499"]
[BlackElo "1590"]
[PlyCount "52"]
[EventDate "2012.??.??"]

1. e4 e6 2. d4 d5 3. exd5 exd5 4. Nf3 Nf6 5. Bd3 Bg4 6. Bg5 Be7 7. O-O O-O 8.
Re1 c6 9. c4 Re8 10. Nbd2 Nbd7 11. Qb3 Qc7 12. Rac1 Be6 13. Ne5 dxc4 14. Bxc4
Bxc4 15. Rxc4 Nxe5 16. dxe5 Nd5 17. Bxe7 Rxe7 18. Nf3 Rae8 19. Rh4 Nb6 20. Qd3
g6 21. Qe3 Nd7 22. Qh6 f5 23. Ng5 Nxe5 24. f4 Ng4 25. Rxe7 Qxe7 26. Qxh7+ Qxh7
0-1